000 00903nam a22002297a 4500
005 20180703143823.0
010 _a1718EN-30 ENG-121822 B-688319-329
020 _c110.00
_a9788126042562
035 _aEN-105354
035 _aB-688319-329
037 _bSahitya Akadmi
_adpl
037 _bDBAD/PUB
082 _a881
100 _aMohanty, Phani
245 _aThe hunt :
_cby Phani Mohanty ; translated by Jitindra Mohan Mohanty
_bMrugaya /
260 _aNew Delhi
_bSahitya Academi
_c2016
270 _bNew Delhi
_aRabindra Bhawan, 35, Fiiroz Shah Marg
_e110001
300 _a97p.
_c21cm(pbk)
700 _aMohanty, Jatindra Mohan
942 _2ddc
_cEN
_mMOH
_h881
999 _c146201
_d146201